Los seres vivos /

Guardado en:
Formato: Libro
Publicado: Buenos Aires : F&g Editores, 2000
Materias:
Etiquetas: Agregar Etiqueta
Sin Etiquetas, Sea el primero en etiquetar este registro!
LEADER 00392nam a22001455a 4500
001 CEM.cems010555
005 20060214000000.0
008 130507s2000##################000#0#####d
003 CEMS
082 0 4 |a CD574 
245 0 0 |a Los seres vivos / 
260 |a Buenos Aires :  |b F&g Editores,  |c 2000 
653 |a Biologia 
653 |a Cd-roms-software 
859 |a CEMS  |b BIB. CEMS - 11 de abril  |h CD574  |i EN15  |p 1778.44  |t Ej.1